| 000 | 00590nam a2200193 4500 | ||
|---|---|---|---|
| 001 | 112180 | ||
| 003 | ES-MaACL | ||
| 005 | 20230906185447.0 | ||
| 007 | t| | ||
| 008 | 061121s1952 sp r ||||1| spa d | ||
| 100 | 1 |
_aMuñoz Alonso, Adolfo. _984346 |
|
| 245 | 1 | 0 |
_aAndamios para las ideas / _cAdolfo Muñoz Alonso. |
| 260 |
_aMurcia : _b[s.n.], _c1952 ( _fTall. Tip. Belmar) |
||
| 300 |
_a229 p. ; _c18 cm. |
||
| 490 | 1 |
_aColección aula de ideas ; _vvol. 1 |
|
| 830 | 0 |
_aColección aula de ideas ; _vvol. 1 _9233108 |
|
| 852 |
_aES-MaACL _jD-8281 _bR.39954 |
||
| 999 |
_c112180 _d112180 |
||